Famous Dex Most Streamed Songs - Statistics

General Stats
  • This quiz has been taken 4 times
  • The average score is 5 of 10
Answer Stats
Hint Answer % Correct
485,162,282 JAPAN
100%
573,466,452 PICK IT UP
75%
24,172,703 Hoes Mad
50%
17,283,381 Mattress REMIX
50%
40,353,072 Nervous
50%
16,754,465 Wit Yo Bitch
50%
22,717,089 Blade Of Woe
25%
23,878,755 Drip From My Walk
25%
25,836,010 Welcome to the Party
25%
22,664,205 What I Like
25%
No matching quizzes found
Score Distribution
Percent of People with Each Score
Percentile by Number Answered
Your Score History
You have not taken this quiz